|
|
|
|
| LEADER |
00000nam a22000007a 4500 |
| 005 |
20120711184013.0 |
| 007 |
cr|||| |||| |
| 008 |
120711s2011 sp |||||s|||| 00||0 spa d |
| 035 |
|
|
|a 6582
|
| 040 |
|
|
|a vLex
|
| 090 |
|
|
|c 3286
|d 3286
|
| 245 |
1 |
0 |
|a Siete tp̤icos sobre derecho internacional
|h [Recurso electrn̤ico] /
|c Carlos Justo Bruzn̤ Viltres (coor.), Carlos Miguel Rosabal Labrada, Alcides Francisco Antn︢ez Sǹchez, [et.al.]
|
| 256 |
|
|
|a Servicio en ln̕ea
|
| 260 |
|
|
|a Barcelona :
|b Editorial vLex,
|c 2011
|
| 300 |
|
|
|a 1 recurso electrn̤ico
|
| 506 |
1 |
|
|a Contenido solo disponible en los productos indicados
|d vLex Global
|d vLex Global (Academic Edition, excluding Law Schools)
|d vLex Global (U.S. Academic Edition, Law Schools)
|d vLex Global (U.S. Academic Edition, excluding Law Schools)
|d vLex Global (Academic Edition, Law Schools)
|
| 650 |
0 |
4 |
|a Derecho internacional
|
| 700 |
1 |
|
|a Bruzn̤ Viltres, Carlos Justo
|
| 700 |
1 |
|
|a Rosabal Labrada, Carlos Miguel
|
| 700 |
1 |
|
|a Antn︢ez Sǹchez, Alcides Francisco
|
| 740 |
0 |
|
|a vLex Libros (Servicio en ln̕ea)
|
| 856 |
4 |
0 |
|u http://vlex.com/source/siete-topicos-derecho-internacional-6582
|z Acceso restringido
|
| 942 |
|
|
|c BOOK
|
| 999 |
0 |
|
|a International law
|